Mannschaften DFB-Pokal 23/24 Achtelfinale - Statistiken

Allgemein
  • Dieses Quiz wurde 198 mal gespielt
  • Das Durchschnittsergebnis liegt bei 12 aus 16
Antwortstatistiken
Verein % Korrekt
Borussia Dortmund
95%
1.FC Saabrücken
93%
Bayer 04 Leverkusen
92%
VfB Stuttgart
88%
Eintracht Frankfurt
82%
VfL Wolfsburg
81%
1.FC Kaiserslautern
80%
FC St. Pauli
79%
Borussia Mönchengladbach
76%
Hamburger SV
76%
Fortuna Düsseldorf
75%
Hertha BSC Berlin
75%
1.FC Nürnberg
67%
FC Homburg
66%
1.FC Magdeburg
57%
SC Paderborn
54%
Keine übereinstimmenden Quizze gefunden
Verteilung der Resultate
Anzahl Personen mit jedem Resultat
Perzentil nach korrekt beantworteten Fragen
Ihre Resultats-Entwicklung
Sie haben dieses Quiz noch nicht gespielt